000 01784nam a2200277Ia 4500
999 _c47831
_d47831
001 14705
003 GE_BSU
005 20191024122255.0
008 181216s2009||||ge |||||||||||||| ||geo||
020 _a9789941412196
040 _cGE_BSU
041 _ageo
080 _a94(479.22)+94(479.223) ს-24
245 _aსამხრეთ – დასავლეთ საქართველოს ისტორიის ნარკვევები :
_b აჭარა = Очерки истории Юго-Западной Грузии : Аджария : 4 ტომად. ტ. 2 : V საუკუნე-1877 წელი /.
_cავტ.: დავით ხახუტაიშვილი, მარიამ ლორთქიფანიძე, ნოდარ შენგელია [და სხვ.] ; რედ. ნოდარ კახიძე.
264 _aბათუმი :
_bშოთა რუსთაველის სახ. უნ-ტის გამ-ბა,
_c2009.
300 _a608 გვ. ;
_b30 სმ.
501 _a შემოკლებანი: გვ. 607.
504 _aბიბლიოგრ. ტექსტის შენიშვნ.
653 _aაჭარის ისტორია;
653 _a სამხრეთ-დასავლეთ საქართველოს ისტორია;
700 _aხახუტაიშვილი, დავით
_eავტორი
_91441
700 _aლორთქიფანიძე, მარიამ
_eავტორი
_91534
700 _aშენგელია, ნოდარ და სხვ.
_eავტორი
_94987
710 _aკახიძე, ნოდარ
_bრედაქტორი
_94988
942 _cBK
_2udc